000 01000nam a2200265 a 4500
001 ebr10417581
003 CaPaEBR
006 m u
007 cr cn|||||||||
008 101209s2008 ii a s 001 0 eng d
020 _z9788183984409
040 _aCaPaEBR
_cCaPaEBR
035 _a(OCoLC)665763961
050 1 4 _aQD411
_b.K86 2008eb
100 1 _aKumar, Indrajit.
245 1 0 _aOrganometallic compounds
_h[electronic resource] /
_cIndrajit Kumar.
260 _aMeerut, India :
_bPragati Prakashan,
_c2008.
300 _a208, iii p. :
_bill.
500 _aIncludes index.
533 _aElectronic reproduction.
_bPalo Alto, Calif. :
_cebrary,
_d2011.
_nAvailable via World Wide Web.
_nAccess may be limited to ebrary affiliated libraries.
650 0 _aOrganometallic compounds.
655 7 _aElectronic books.
_2local
710 2 _aebrary, Inc.
856 4 0 _uhttp://site.ebrary.com/lib/rucke/Doc?id=10417581
_zAn electronic book accessible through the World Wide Web; click to view
999 _c187279
_d187279